30 kroků v marketingu pro malé rozpočty
Rady riaditeľky nemeckej marketingovej spoločnosti Börse GmbH, ako zvýšiť predaj zameraním sa na marketing spoločnosti. Využívanie priameho marketingu. Odlíšenie sa od konkurencie. Opatrenia on-line. Klasická reklama on-line. Byť stále na očiach. Prieskum trhu. Manažment kampane.
Guardado en:
| Autor principal: | |
|---|---|
| Formato: | Capítulo de libro |
| Lenguaje: | checo |
| Materias: | |
| Etiquetas: |
Sin Etiquetas, Sea el primero en etiquetar este registro!
|
MARC
| LEADER | 00000naa$a2200000$$$4500 | ||
|---|---|---|---|
| 001 | 0096353 | ||
| 005 | 20231129095216.4 | ||
| 041 | 0 | |a cze | |
| 044 | |a CZ | ||
| 245 | 1 | 0 | |a 30 kroků v marketingu pro malé rozpočty |c Jiří Kladiva |
| 520 | |a Rady riaditeľky nemeckej marketingovej spoločnosti Börse GmbH, ako zvýšiť predaj zameraním sa na marketing spoločnosti. Využívanie priameho marketingu. Odlíšenie sa od konkurencie. Opatrenia on-line. Klasická reklama on-line. Byť stále na očiach. Prieskum trhu. Manažment kampane. | ||
| 610 | 2 | 0 | |a marketing |
| 610 | 2 | 0 | |a komunikácia marketingová |
| 610 | 2 | 0 | |a reklama |
| 610 | 2 | 0 | |a internet |
| 610 | 2 | 0 | |a konkurencia |
| 610 | 2 | 0 | |a prieskum trhu |
| 610 | 2 | 0 | |a zákazníci |
| 100 | 1 | |a Kladiva, Jiří | |